Statistics for Top 50 Rap Songs of 2021 (Ranker.com)

Click here to take the quiz!

General Stats

  • This quiz has been taken 63 times
  • The average score is 11 of 50

Answer Stats

HintArtist(s)Answer% Correct
5Lil Nas X, Jack HarlowIndustry Baby
80%
2Drake, Lil BabyWants And Needs
79%
4Polo GRapstar
77%
1Juice WRLD, Young ThugBad Boy
66%
6Lil Tjay, Polo G, Fivio ForeignHeadshot
46%
8Drake, FutureWay 2 Sexy
38%
19Sleepy Hollow2055
36%
12Polo G, Lil WayneGang Gang
36%
15Saweetie, Doja CatBest Friend
34%
11Roddy RicchLate At Night
34%
3J. ColeMy Life
34%
7Tyler, the Creator, NBA YoungboyWusyaname
34%
14Lil Tjay, Offset, Moneybagg YoRun It Up
30%
942 Dugg, Roddy Ricch4 Da Gang
29%
28Eminem, Jack Harlow, CordaeKiller
23%
34Post MaloneMotley Crew
21%
38Baby Keem, Travis ScottDurag Activity
20%
26Travis Scott, HVMEGoosebumps
20%
25Young Stoner Life, Young Thug, Gunna, DrakeSolid
20%
22Rod WaveTombstone
20%
35Smiley, DrakeOver The Top
18%
13Megan Thee StallionThot Shit
18%
24Moneybagg YoTime Today
18%
10Lil Baby, Lil DurkEvery Chance I Get
16%
18Kanye WestJail
16%
31MigosStraightenin
16%
16DrakeWhat's Next
16%
21J. ColeInterlude
14%
48Sheff G, Polo GOn Go
14%
32Migos, DrakeHaving Our Way
13%
43Pop Smoke, Chris BrownWoo Baby
13%
37Bryson Tiller, Lil Baby, Roddy RicchBody In Motion
11%
20Lil Durk, Lil BabyFinesse Out The Gang Way
11%
23Lil Baby, Lil DurkHow It Feels
9%
17Lil BabyReal As It Gets
9%
47A Boogie Wit Da Hoodie, Lil Durk24 Hours
7%
30Pop Smoke, Polo GFashion
7%
33Isaiah Rashad, Lil Uzi VertFrom The Garden
7%
29IDK, OffsetShoot My Shot
7%
41Lil Nas XSun Goes Down
7%
44Jack HarlowSUVs
7%
42YNW Melly, Kodak BlackThugged Out
7%
39Lil Baby, Kirk FranklinWe Win
7%
27DMX, Jay-Z, NasBath Salts
5%
49Freddie GibbsBig Boss Rabbit
5%
50Kodak BlackFeelin Peachy
5%
45IDK, Young ThugPradadaBang
5%
46LogicSee You Space Cowboy
5%
36Brent Faiyaz, DrakeWasting Time
5%
40Nipsey Hussle, Jay-ZWhat It Feels Like
5%

Score Distribution

Percentile by Number Answered

Percent of People with Each Score

Your Score History

You have not taken this quiz